000 00522nam a2200181Ia 4500
005 20250508155104.0
008 008 250505s9999 xx 000 0 eng d
037 _aTextual
040 _aFEDL
_beng
_cFEDL
041 _aeng
_2eng
084 _a371.32051, CBT
_qFEDL
100 _aSaxena R C
245 0 _aAssignments in mathematics for secondary schools
260 _aDelhi, India
_bCentral Institute of Education
300 _a43p.
942 _cTEXL
_h371.32051, CBT
999 _c1354058
_d1354058